| 000 | 00619nam a2200205 a 4500 | ||
|---|---|---|---|
| 001 | 000040675 | ||
| 003 | DO-SdBNP | ||
| 005 | 20240307073950.0 | ||
| 007 | ta | ||
| 008 | 110209s2000 dr 000 0 spa d | ||
| 040 |
_aDO-SdBNP _bspa _cBNPHU |
||
| 082 | 4 |
_a342.07 _bR426c _222 |
|
| 110 | 1 |
_aRepública Dominicana. _b Junta Central Electoral _964605 |
|
| 240 | 1 | 0 | _a[Leyes, etc.] |
| 245 | 1 | 0 | _aCompilación de la legislación electoral de la República Dominicana /. |
| 260 |
_aSanto Domingo : _bJunta Central Electoral, _c2000. |
||
| 300 |
_a206 p. ; _c22 cm. |
||
| 590 | _aInventariado, 2022/BT | ||
| 942 |
_2ddc _cLBS1 |
||
| 999 |
_c40165 _d40165 |
||